00327nam a2200133Ia 4500008004100000020001500041041001200056082001600068100001700084245004300101260003100144300000800175650001000183221030s9999 xx 000 0 und d a8170080533 aEnglish a105.23bPun aB. C. Punmia 0aBuilding Constructioncby B. C. Punmia bLaxmi PubaNew Delhic1999 a846 aCivil